LEADER 01263nam a2200277 i 4500 001 000000221330 003 CaOOAMICUS 005 20130703000000.0 008 130703s2007 it u000 u ita u 013 $a200227 040 $aSeMil$bita 100 1 $aSaltini, Zeno,$c.$0(OLS)http://semarc/name/89740 245 10$aNasceva Nomadelfia in un bambino di campagna... :$b[lettere e meditazioni] /$cdon Zeno di Nomadelia ; a cura di Zaira di Nomadelfia. 250 $a2. ed. 260 $aGrosseto :$bEd. di Nomadelfia,$cstampa 2007. 300 $a188 p. :$bill. ;$c18 cm. 500 $aEd. f.c. - Fondo card. C. M. Martini. 600 14$aSaltini, Zeno .$0(OLS)http://semarc/subject/1968 650 4$aNomadelfia .$0(OLS)http://semarc/subject/1969 700 1 $aZaira : di Nomadelfia.$0(OLS)http://semarc/name/77461 850 $aSeMil 852 $aSeMil$W1$xVenegono$y1$m3G I 319$j171681$B171681$CSeMilBibl$Z2$F182159 $81 941 1 $a4 961 $aLascito: Martini Card. Carlo Maria 996 $6245$aNasceva Nomadelfia in un bambino di campagna... :$b[lettere e meditazioni]$9(OLS)http://semarc/title/317261 996 $6260$aGrosseto :$bEd. di Nomadelfia$9(OLS)http://semarc/publisher/53207 LEADER 01028nam a2200205 i 4500 001 000000234317 003 CaOOAMICUS 005 20141013000000.0 008 141013s1980 it u000 u ita u 013 $a213220 040 $aSeMil$bita 245 10$a[Sacerdote Giulio Parmigiani :$bRobecco sul Naviglio 13-4-1923 - Valmadrera 16-1-1980. Parroco di Valmadrera, Vicario Episcopale della 3. Zona. 260 $aValmadrera :$bs.n.,$c1980] 300 $a37 p. :$bfoto ;$c23x24 cm. 500 $aMensile della parrocchia di Valmadrera, anno 8., n. 2, febbraio 1980. 600 14$aParmigiani, Giulio .$0(OLS)http://semarc/subject/41755 850 $aSeMil 852 $aSeMil$W1$xVenegono$y1$m5D XI 13/11$j184663$B184663$CSeMilBibl$Z2$F195660 $81 996 $6245$a[Sacerdote Giulio Parmigiani :$bRobecco sul Naviglio 13-4-1923 - Valmadrera 16-1-1980. Parroco di Valmadrera, Vicario Episcopale della 3. Zona$9(OLS)http://semarc/title/334498 996 $6260$aValmadrera :$bs.n.$9(OLS)http://semarc/publisher/54089